Struggle for Pakistan (Record no. 7665)
[ view plain ]
| 000 -LEADER | |
|---|---|
| fixed length control field | 00625nam a2200241 a 4500 |
| 020 ## - INTERNATIONAL STANDARD BOOK NUMBER | |
| ISBN | |
| 082 00 - DEWEY DECIMAL CLASSIFICATION NUMBER | |
| Classification number | 954.8 |
| Author Cutter | BAH |
| 100 ## - MAIN ENTRY--AUTHOR NAME | |
| Author name | Bahadur, Lal |
| 245 ## - TITLE STATEMENT | |
| Title | Struggle for Pakistan |
| Sub title | Tragedy of the Triumph of Muslim Communalism in Indi |
| 260 ## - PUBLICATION, DISTRIBUTION, ETC. (IMPRINT) | |
| Place of publication | New Delhi |
| Name of publisher | Sterling Publishers |
| Year of publication | 1988 |
| 300 ## - PHYSICAL DESCRIPTION | |
| Number of Pages | 341p |
| 500 ## - GENERAL NOTE | |
| General note | includes index and biblioraphy |
| 505 2# - FORMATTED CONTENTS NOTE | |
| Formatted contents note | Index |
| 650 ## - SUBJECT ADDED ENTRY--TOPICAL TERM | |
| Topical Term | Muslim-India-politics |
| 650 ## - SUBJECT ADDED ENTRY--TOPICAL TERM | |
| Topical Term | Communalism |
| 942 ## - ADDED ENTRY ELEMENTS (KOHA) | |
| Koha item type | Books |
| Collection code | Home library | Current library | Date acquired | Cost, normal purchase price | Full call number | Accession Number | Koha item type |
|---|---|---|---|---|---|---|---|
| Henry Martyn Institute Library | Henry Martyn Institute Library | 04/10/2007 | 190.00 | 954.8 BAH | 013017 | Books |
